Online Catalogue and eLibrary

Sri Lanka in crisis : (Record no. 481)

MARC details
000 -LEADER
fixed length control field 00661nam a2200193 a 4500
001 - CONTROL NUMBER
control field 1539069
005 - DATE AND TIME OF LATEST TRANSACTION
control field 20240226003824.0
008 - FIXED-LENGTH DATA ELEMENTS--GENERAL INFORMATION
fixed length control field 910627s1989 ce b 000 0 eng
020 ## - INTERNATIONAL STANDARD BOOK NUMBER
ISBN 9555990204 :
040 ## - CATALOGING SOURCE (பட்டியலாக்க மூலம்)
Original cataloging agency DLC
Transcribing agency DLC
Modifying agency DLC
082 00 - DDC Classification
Class No. 954.93
DDC Edition Number 20
Item Number - Author Mark VIC.
100 1# - MAIN ENTRY--PERSONAL NAME
Personal name Ivan, Victor.
245 10 - TITLE STATEMENT
Title Sri Lanka in crisis :
Remainder of title road to conflict /
Statement of responsibility, etc. Victor Ivan.
260 ## - PUBLICATION, DISTRIBUTION, ETC.
Place of publication, distribution, etc. Ratmalana, Sri Lanka :
Name of publisher, distributor, etc. Sarvodaya Book Pub. Services,
Date of publication, distribution, etc. 1989.
300 ## - PHYSICAL DESCRIPTION
Extent (e.g. Volumes, Pages etc.) xiv, 94 p. ;
500 ## - GENERAL NOTE
General note Translation of: Arbudayē gaman maṅga.
500 ## - GENERAL NOTE
General note Chiefly contemporary political events; includes an account of the economic conditions covering the period 1948-1988.
942 ## - Koha item type (Biblio)
Koha item type Books in Stacks (Lending)

No items available.

© WERC Library